000 00422nam a2200193Ia 4500
005 20240823054328.0
008 240823s9999||||xx |||||||||||||| ||und||
020 _a0-415-21260-X
041 _aENGLISH
082 _A809.387 P4
100 _aBarbara Fuchs
245 0 _aRomance
250 _a1st
260 _c2004
_b"Routledge,L"
500 _aYES
650 _aGeneral
_bGeneral
942 _cBK
999 _c226203
_d226203